Chinese Water Systems (Record no. 92279)
[ view plain ]
| 000 -LEADER | |
|---|---|
| fixed length control field | 02561nam a2200289Ii 4500 |
| 008 - FIXED-LENGTH DATA ELEMENTS--GENERAL INFORMATION | |
| fixed length control field | 221202s xx 000 0 und d |
| 245 #0 - TITLE STATEMENT | |
| Title | Chinese Water Systems |
| 246 ## - VARYING FORM OF TITLE | |
| Title proper/short title | Volume 4: Applied Water Management in China |
| 264 ## - PRODUCTION, PUBLICATION, DISTRIBUTION, MANUFACTURE, AND COPYRIGHT NOTICE | |
| Name of producer, publisher, distributor, manufacturer | Springer Nature |
| Date of production, publication, distribution, manufacture, or copyright notice | 2022 |
| 300 ## - PHYSICAL DESCRIPTION | |
| Extent | 1 online resource (281 pages) |
| 336 ## - CONTENT TYPE | |
| Content type term | text |
| Content type code | txt |
| Source | rdacontent |
| 337 ## - MEDIA TYPE | |
| Media type term | computer |
| Media type code | c |
| Source | rdamedia |
| 338 ## - CARRIER TYPE | |
| Carrier type term | online resource |
| Carrier type code | cr |
| Source | rdacarrier |
| 490 ## - SERIES STATEMENT | |
| Series statement | Terrestrial Environmental Sciences |
| 520 ## - SUMMARY, ETC. | |
| Summary, etc. | This open-access book addresses latest Sino-German results of the joint research efforts within Major Water Program of the Chinese Government supported by German research funding. The Major Water Program aims at the restoration of polluted water environments and sustainable management of water resources in China. The joint BMBF-CLIENT project SINOWATER deals with three most significant and strongest polluted Chinese waters, the river Liao and the Dian-lake as well as Tai-lake in the area of the metropolises Shenyang, Kunming and Suzhou, respectively. The project was conducted by the Research Institute for Water and Waste Management at RWTH Aachen (FiW) e.V., Bavarian State Ministry of the Environment and Consumer Protection, Technical University of Munich, RWTH Aachen University, German and Chinese companies (Martin Membrane Systems AG, Steinhardt GmbH Wassertechnik, GuHong, JT-elektronik, bluemetric, Huawang Water, EVU Group, Atemis GmbH, i+f process GmbH) in close cooperation with Chinese Academy of Environmental Sciences, Tongji University, and the Dianchi Lake Management Authorities. Overall, the joint Sino-German research project SINOWATER provided solutions for the improvement of the water quality in the mentioned water bodies as well as development and optimization of Good Water Governance. These objectives could be achieved through the implementation of innovative German water technologies and the optimization of water management elements in the fields of industrial and municipal wastewater treatment as well as river and shallow lake management. |
| 653 ## - INDEX TERM--UNCONTROLLED | |
| Uncontrolled term | Integrated Water Resources Management |
| 653 ## - INDEX TERM--UNCONTROLLED | |
| Uncontrolled term | Sinowater |
| 653 ## - INDEX TERM--UNCONTROLLED | |
| Uncontrolled term | Urban Drainage |
| 653 ## - INDEX TERM--UNCONTROLLED | |
| Uncontrolled term | Waste Water Treatment |
| 653 ## - INDEX TERM--UNCONTROLLED | |
| Uncontrolled term | Water Governance |
| 700 1# - ADDED ENTRY--PERSONAL NAME | |
| Personal name | Dohmann, Max |
| 700 1# - ADDED ENTRY--PERSONAL NAME | |
| Personal name | Grambow, Martin |
| 700 1# - ADDED ENTRY--PERSONAL NAME | |
| Personal name | Song, Yonghui |
| 700 1# - ADDED ENTRY--PERSONAL NAME | |
| Personal name | Wermter, Paul |
| 856 ## - ELECTRONIC LOCATION AND ACCESS | |
| Uniform Resource Identifier | <a href="https://docs.google.com/spreadsheets/d/1yKIrdCPDAG_9c22mwoOIO2DOhtj65Wqa/edit?usp=sharing&ouid=106555315294820607512&rtpof=true&sd=true ">https://docs.google.com/spreadsheets/d/1yKIrdCPDAG_9c22mwoOIO2DOhtj65Wqa/edit?usp=sharing&ouid=106555315294820607512&rtpof=true&sd=true </a> |
| Link text | List of Curated E-Books |
| 942 ## - ADDED ENTRY ELEMENTS (KOHA) | |
| Koha item type | E-Book |
No items available.